[Event "Petersburg Summer 2016"]
[Site "St Petersburg"]
[Date "2016.08.23"]
[Round "7.24"]
[White "Markevich, Ilya"]
[Black "Hurtado, Felipe"]
[Result "1-0"]
[WhiteElo "2195"]
[BlackElo "2132"]
[PlyCount "67"]
[EventDate "2016.08.17"]
[EventType "swiss"]
[EventCountry "RUS"]

1. e4 c6 2. d4 d5 3. exd5 cxd5 4. c4 Nf6 5. Nc3 Nc6 6. Bg5 Be6 7. Bxf6 exf6 8.
c5 Be7 9. Bb5 O-O 10. Nge2 Qc7 11. O-O Rfd8 12. a3 f5 13. b4 f4 14. Qd3 Bf6 15.
Ba4 a6 16. Bxc6 bxc6 17. Na4 g6 18. Nb6 Ra7 19. f3 Re8 20. Qd2 Bf5 21. Nxf4 Qb8
22. Rae1 Rae7 23. Rxe7 Rxe7 24. Nbxd5 cxd5 25. Nxd5 Kg7 26. g4 Be6 27. Nxe7
Bxe7 28. d5 Bd7 29. Rc1 Bb5 30. d6 Bf6 31. g5 Bd8 32. c6 Bb6+ 33. Kg2 Qa7 34.
c7 1-0

[Event "Petersburg Summer 2016"]
[Site "St Petersburg"]
[Date "2016.08.23"]
[Round "7.25"]
[White "Lagashin, Pavel"]
[Black "Remizov, Yaroslav"]
[Result "0-1"]
[WhiteElo "2186"]
[BlackElo "2104"]
[PlyCount "54"]
[EventDate "2016.08.17"]
[EventType "swiss"]
[EventCountry "RUS"]

1. Nf3 d5 2. c4 c6 3. e3 Nf6 4. d4 e6 5. Nc3 Nbd7 6. Bd3 dxc4 7. Bxc4 b5 8. Bd3
Bd6 9. e4 e5 10. Bg5 exd4 11. Nxd4 Ne5 12. Be2 b4 13. f4 bxc3 14. bxc3 Qa5 15.
Qc2 Neg4 16. e5 Ne3 17. Qd3 Nfd5 18. exd6 f6 19. Nxc6 Qc5 20. Nb4 Be6 21. f5
Nxg2+ 22. Kd2 Nxb4 23. d7+ Ke7 24. cxb4 Qxb4+ 25. Kd1 Bxd7 26. Bf3 Ba4+ 27. Ke2
Bb5 0-1

[Event "Petersburg Summer 2016"]
[Site "St Petersburg"]
[Date "2016.08.23"]
[Round "7.26"]
[White "Turikov, Viktor"]
[Black "Talyansky, Seth D"]
[Result "0-1"]
[WhiteElo "2209"]
[BlackElo "1963"]
[PlyCount "95"]
[EventDate "2016.08.17"]
[EventType "swiss"]
[EventCountry "RUS"]

1. e4 e5 2. Bc4 Nf6 3. Nf3 Nxe4 4. Nc3 Nxc3 5. dxc3 Be7 6. Nxe5 O-O 7. Qh5 Qe8
8. O-O d6 9. Ng4 Be6 10. Bd3 f5 11. Qh3 Nc6 12. Re1 Qf7 13. Rxe6 Qxe6 14. Ne3
Qf6 15. Nxf5 g6 16. Nh6+ Kh8 17. Be3 Ne5 18. Ng4 Nxg4 19. Qxg4 Qg7 20. Qh3 Qf7
21. Rf1 Bf6 22. a4 Rae8 23. a5 c5 24. Qg4 a6 25. h4 Qe6 26. Qxe6 Rxe6 27. g3
Kg7 28. Kg2 Rfe8 29. Kf3 Rd8 30. Be2 Re7 31. Rd1 Rf8 32. Kg2 Be5 33. Bc4 Ree8
34. Bd5 Re7 35. Ra1 Rb8 36. Ra4 Ree8 37. Re4 Re7 38. b4 Bf6 39. Rc4 Re5 40. Bf3
b5 41. axb6 Rxb6 42. bxc5 dxc5 43. Bxc5 Rb2 44. Ba3 Rxc2 45. Rc7+ Kh8 46. Rc8+
Kg7 47. Bd6 Rf5 48. Rc7+ 0-1

[Event "Petersburg Summer 2016"]
[Site "St Petersburg"]
[Date "2016.08.23"]
[Round "7.27"]
[White "Fridman, Anatoly"]
[Black "Slugin, Yaroslav"]
[Result "1/2-1/2"]
[WhiteElo "2191"]
[BlackElo "1940"]
[PlyCount "63"]
[EventDate "2016.08.17"]
[EventType "swiss"]
[EventCountry "RUS"]

1. e4 c5 2. Nf3 Nc6 3. d4 cxd4 4. Nxd4 Nf6 5. Nc3 e6 6. Ndb5 Bb4 7. a3 Bxc3+ 8.
Nxc3 d5 9. exd5 exd5 10. Bd3 O-O 11. O-O d4 12. Ne4 Bf5 13. Bg5 Bxe4 14. Bxe4
h6 15. Bxf6 Qxf6 16. Bxc6 bxc6 17. Qd3 c5 18. Rfe1 Rfe8 19. b3 Re6 20. Qb5 Re5
21. h3 Qe7 22. Rxe5 Qxe5 23. Qb7 Re8 24. Rf1 Re7 25. Qc6 Qg5 26. b4 cxb4 27.
axb4 g6 28. Qc4 Qe5 29. Rd1 Rc7 30. Qxd4 Qxd4 31. Rxd4 Rxc2 32. Rd7 1/2-1/2

[Event "Petersburg Summer 2016"]
[Site "St Petersburg"]
[Date "2016.08.23"]
[Round "7.28"]
[White "Kiseleva, Arina"]
[Black "Svidinsky, Dmitry"]
[Result "1/2-1/2"]
[WhiteElo "1999"]
[BlackElo "2122"]
[PlyCount "31"]
[EventDate "2016.08.17"]
[EventType "swiss"]
[EventCountry "RUS"]

1. d4 d5 2. c4 c6 3. cxd5 cxd5 4. Bf4 Nf6 5. Nc3 Nc6 6. e3 Bg4 7. Qb3 Na5 8.
Qa4+ Bd7 9. Qc2 e6 10. Bd3 Be7 11. h3 Rc8 12. Nf3 a6 13. Ne5 b5 14. a3 Nc4 15.
O-O O-O 16. Qe2 1/2-1/2

[Event "Petersburg Summer 2016"]
[Site "St Petersburg"]
[Date "2016.08.23"]
[Round "7.29"]
[White "Tretyakov, Stepan"]
[Black "Gatalov, Dmitriy"]
[Result "1-0"]
[WhiteElo "2122"]
[BlackElo "1919"]
[PlyCount "65"]
[EventDate "2016.08.17"]
[EventType "swiss"]
[EventCountry "RUS"]

1. d4 d5 2. c4 e6 3. Nc3 Nf6 4. cxd5 exd5 5. Bg5 Be7 6. e3 O-O 7. Bd3 Nbd7 8.
Qc2 c6 9. Nge2 Re8 10. O-O Nf8 11. f3 Ng6 12. Rad1 Nh5 13. Bxe7 Rxe7 14. e4
Nhf4 15. e5 Nxd3 16. Qxd3 Qd7 17. Ng3 Nh4 18. f4 Nf5 19. Nce2 Qe6 20. Qa3 Re8
21. Nxf5 Qxf5 22. Ng3 Qg4 23. f5 h5 24. h3 Qg5 25. Qf3 h4 26. Ne2 c5 27. Rde1
Qd2 28. e6 fxe6 29. f6 Rf8 30. f7+ Kh8 31. Nf4 Qxd4+ 32. Kh1 Qf6 33. Qh5+ 1-0

[Event "Petersburg Summer 2016"]
[Site "St Petersburg"]
[Date "2016.08.23"]
[Round "7.30"]
[White "Bezstrakhov, Dmitry"]
[Black "Ustinov, Alexey"]
[Result "1-0"]
[WhiteElo "1981"]
[BlackElo "2117"]
[PlyCount "63"]
[EventDate "2016.08.17"]
[EventType "swiss"]
[EventCountry "RUS"]

1. e4 Nc6 2. Nf3 Nf6 3. Nc3 d6 4. h3 g6 5. d4 Bg7 6. Bg5 h6 7. Be3 a6 8. Qd2 e5
9. O-O-O exd4 10. Nxd4 Bd7 11. g4 Nxd4 12. Bxd4 Bc6 13. Bg2 O-O 14. f4 Nd7 15.
Bxg7 Kxg7 16. h4 f6 17. Kb1 Qe7 18. Qd4 Rae8 19. g5 hxg5 20. hxg5 Rh8 21. Rhg1
Rh4 22. Rdf1 Rg4 23. Bh3 Rxg1 24. Rxg1 Nc5 25. Bf5 Rf8 26. Bxg6 Ne6 27. gxf6+
Rxf6 28. Bf5+ Kf7 29. Qd2 Ng7 30. Qg2 Kf8 31. Qh3 Kf7 32. Qh7 1-0

[Event "Petersburg Summer 2016"]
[Site "St Petersburg"]
[Date "2016.08.23"]
[Round "7.31"]
[White "Pavlova, Natalia"]
[Black "Kamnev, Alexander"]
[Result "0-1"]
[WhiteElo "1977"]
[BlackElo "2101"]
[PlyCount "66"]
[EventDate "2016.08.17"]
[EventType "swiss"]
[EventCountry "RUS"]

1. e4 c5 2. Nf3 d6 3. d4 cxd4 4. Qxd4 Nc6 5. Bb5 Bd7 6. Bxc6 Bxc6 7. Nc3 Nf6 8.
Bg5 e6 9. O-O-O Be7 10. Qd3 O-O 11. Nd4 Qa5 12. f4 Rad8 13. g4 Rfe8 14. h4 Nxg4
15. Qg3 h5 16. f5 exf5 17. Bxe7 Rxe7 18. Nxf5 Rxe4 19. Rhf1 Re6 20. Qf4 f6 21.
Rfe1 Rde8 22. Rxe6 Rxe6 23. Nd4 Re5 24. Nxc6 bxc6 25. Rxd6 Qc5 26. Rd4 Re1+ 27.
Nd1 Qe5 28. Qd2 Qe3 29. Rxg4 Qxd2+ 30. Kxd2 Rxd1+ 31. Kxd1 hxg4 32. Ke2 f5 33.
Ke3 g3 0-1

[Event "Petersburg Summer 2016"]
[Site "St Petersburg"]
[Date "2016.08.23"]
[Round "7.32"]
[White "Shadrin, Anton"]
[Black "Yakovlev, Yuri S"]
[Result "1-0"]
[WhiteElo "2066"]
[BlackElo "1891"]
[PlyCount "71"]
[EventDate "2016.08.17"]
[EventType "swiss"]
[EventCountry "RUS"]

1. e4 c5 2. c3 e6 3. d4 d5 4. exd5 exd5 5. Nf3 cxd4 6. Nxd4 Nc6 7. Be2 Nf6 8.
Bf4 Bd6 9. Bxd6 Qxd6 10. O-O O-O 11. Na3 Be6 12. Nac2 Qf4 13. Re1 Bg4 14. Ne3
Bxe2 15. Nxe2 Qe5 16. Ng3 Qg5 17. Qb3 d4 18. Nef5 dxc3 19. bxc3 g6 20. Qxb7
gxf5 21. Qxc6 Rac8 22. Qf3 Rc5 23. Rad1 Rfc8 24. Rd3 h5 25. h4 Qg4 26. Qb7 Rxc3
27. Rxc3 Rxc3 28. Qxa7 f4 29. Ne4 Nxe4 30. Qa8+ Qc8 31. Qxe4 Rc1 32. Kh2 Rxe1
33. Qxe1 Qg4 34. Qe7 Qd1 35. Qg5+ Kf8 36. Qxf4 1-0

[Event "Petersburg Summer 2016"]
[Site "St Petersburg"]
[Date "2016.08.23"]
[Round "7.33"]
[White "Kozyrin, Aleksandr"]
[Black "Shidlovskiy, Artemiy"]
[Result "1-0"]
[WhiteElo "2058"]
[BlackElo "1884"]
[PlyCount "79"]
[EventDate "2016.08.17"]
[EventType "swiss"]
[EventCountry "RUS"]

1. c4 c6 2. d4 d5 3. Nf3 Nf6 4. g3 dxc4 5. Bg2 Bf5 6. O-O e6 7. Nc3 h6 8. Ne5
Nbd7 9. Nxc4 Nb6 10. Ne5 Bd6 11. e4 Bh7 12. f4 Bb4 13. Re1 O-O 14. a3 Be7 15.
Be3 Nfd7 16. Nxd7 Qxd7 17. Qe2 f5 18. e5 Rac8 19. b4 Bg6 20. Bf2 Nd5 21. Rec1
Rfd8 22. Bf3 Rf8 23. Rc2 Rc7 24. Rac1 Rfc8 25. Na4 b6 26. Nc3 Be8 27. Qa6 g5
28. Nxd5 cxd5 29. Qxc8 Rxc8 30. Rxc8 Bd8 31. fxg5 hxg5 32. Be3 g4 33. Be2 Kf7
34. a4 Qe7 35. h4 gxh3 36. Bh5+ Kg7 37. Bxe8 Qxe8 38. R1c7+ Kh8 39. Bg5 h2+ 40.
Kh1 1-0

[Event "Petersburg Summer 2016"]
[Site "St Petersburg"]
[Date "2016.08.23"]
[Round "7.34"]
[White "Sakorenko, Adriana"]
[Black "Shinkevich, Maksim"]
[Result "1-0"]
[WhiteElo "1942"]
[BlackElo "2052"]
[PlyCount "61"]
[EventDate "2016.08.17"]
[EventType "swiss"]
[EventCountry "RUS"]

1. e4 c5 2. Nf3 Nc6 3. Bb5 d6 4. O-O Bd7 5. Re1 Nf6 6. c3 a6 7. Ba4 b5 8. Bc2
Bg4 9. d3 g6 10. Nbd2 Bg7 11. h3 Bd7 12. Nf1 O-O 13. d4 cxd4 14. cxd4 e5 15.
Be3 Nh5 16. Rc1 Nf4 17. Qd2 Rc8 18. Red1 g5 19. Ng3 Qe7 20. a4 Nb8 21. axb5
Bxb5 22. Bxf4 gxf4 23. Nf5 Qf6 24. Qb4 Be2 25. dxe5 Qd8 26. Rxd6 Qc7 27. N3d4
a5 28. Qd2 Bh5 29. Qxf4 Rfd8 30. Nxg7 Kxg7 31. Qf6+ 1-0

[Event "Petersburg Summer 2016"]
[Site "St Petersburg"]
[Date "2016.08.23"]
[Round "7.35"]
[White "Mestnikov, Aital"]
[Black "Averyanov, Grigori"]
[Result "0-1"]
[WhiteElo "2040"]
[BlackElo "1821"]
[PlyCount "64"]
[EventDate "2016.08.17"]
[EventType "swiss"]
[EventCountry "RUS"]

1. e4 d6 2. d4 Nf6 3. Nc3 g6 4. f4 Bg7 5. Nf3 O-O 6. Bd3 Nc6 7. e5 dxe5 8. fxe5
Nh5 9. Be3 Bg4 10. Be2 f6 11. e6 f5 12. d5 Nb4 13. h3 Ng3 14. Rg1 Nxe2 15. Qxe2
Bxf3 16. gxf3 Qd6 17. Nb5 Qe5 18. Kf2 Nxd5 19. Bg5 c6 20. Qxe5 Bxe5 21. Rad1
Bf6 22. Bxf6 Rxf6 23. Nd4 Nf4 24. Rge1 Nxh3+ 25. Kg3 Ng5 26. Kf4 h6 27. Re5 Rd8
28. Rd3 Rd6 29. Kg3 Kh7 30. a4 b6 31. b3 a5 32. c4 c5 0-1

[Event "Petersburg Summer 2016"]
[Site "St Petersburg"]
[Date "2016.08.23"]
[Round "7.36"]
[White "Rubtsov, Aleksandr"]
[Black "Krukovsky, Alexander"]
[Result "0-1"]
[WhiteElo "1817"]
[BlackElo "2024"]
[PlyCount "78"]
[EventDate "2016.08.17"]
[EventType "swiss"]
[EventCountry "RUS"]

1. e4 c5 2. Nf3 d6 3. d4 cxd4 4. Nxd4 Nf6 5. Nc3 a6 6. Be3 e5 7. Nb3 Be7 8. f3
Be6 9. Qd2 Nbd7 10. O-O-O Qc7 11. g4 Nb6 12. Kb1 Nc4 13. Bxc4 Bxc4 14. h4 b5
15. h5 b4 16. Nd5 Nxd5 17. exd5 a5 18. f4 Bxb3 19. cxb3 exf4 20. Bxf4 a4 21.
Rc1 Qd7 22. Qxb4 axb3 23. Qxb3 O-O 24. Rc4 Qxg4 25. h6 g6 26. Qc3 Qf5+ 27. Ka1
Bf6 28. Qd2 Rfb8 29. Rc2 Qe4 30. Rh3 Rb5 31. Rd3 Qa4 32. a3 Rxd5 33. Qc1 Rxd3
34. Rc8+ Bd8 35. Bg5 Rd1 36. Rxa8 Rxc1+ 37. Bxc1 Qxa8 38. b4 Bf6+ 39. Ka2 Qd5+
0-1

[Event "Petersburg Summer 2016"]
[Site "St Petersburg"]
[Date "2016.08.23"]
[Round "7.37"]
[White "Israyelyan, Eduard"]
[Black "Korobitsyn, Daniil"]
[Result "0-1"]
[WhiteElo "1808"]
[BlackElo "2021"]
[PlyCount "128"]
[EventDate "2016.08.17"]
[EventType "swiss"]
[EventCountry "RUS"]

1. e4 c6 2. d4 d5 3. exd5 cxd5 4. c4 Nf6 5. Nc3 Be6 6. Nf3 dxc4 7. Ne5 Nbd7 8.
Nxc4 Rc8 9. Ne3 Nb6 10. Be2 g6 11. Bf3 Rc7 12. O-O Bg7 13. Qe2 a6 14. Rd1 Rd7
15. Nc2 O-O 16. Bf4 Nbd5 17. Nxd5 Bxd5 18. Be5 e6 19. Nb4 Qb6 20. Nd3 Bc4 21.
b3 Bxd3 22. Qxd3 Nd5 23. Bxg7 Kxg7 24. Rac1 Rfd8 25. Qe2 Ne7 26. Qe5+ Kg8 27.
Qc5 Qxc5 28. dxc5 Nc6 29. Rxd7 Rxd7 30. Bxc6 bxc6 31. Kf1 Rd2 32. a4 a5 33. Rc3
Kg7 34. g3 Kf6 35. Kg2 Ke5 36. Kf3 Kd4 37. Rc4+ Kd5 38. Rc3 e5 39. Ke3 Rb2 40.
h4 f5 41. f3 h6 42. Rd3+ Kxc5 43. Rc3+ Kd6 44. Rd3+ Kc7 45. Rc3 Kb6 46. Rd3 Rg2
47. Rd6 Rxg3 48. Kf2 Rh3 49. Rxg6 Rxh4 50. Rf6 f4 51. Kg2 Rh5 52. Re6 Rg5+ 53.
Kf2 h5 54. Re8 Kc5 55. Ra8 Kb4 56. Rb8+ Kc3 57. Rb6 h4 58. b4 axb4 59. a5 h3
60. a6 Rg2+ 61. Kf1 c5 62. Rb5 Ra2 63. Rxc5+ Kd4 64. Rb5 h2 0-1

[Event "Petersburg Summer 2016"]
[Site "St Petersburg"]
[Date "2016.08.23"]
[Round "7.38"]
[White "Mestnikov, Aisen"]
[Black "Popovich, Alexey"]
[Result "1-0"]
[WhiteElo "2126"]
[BlackElo "1818"]
[PlyCount "77"]
[EventDate "2016.08.17"]
[EventType "swiss"]
[EventCountry "RUS"]

1. d4 d5 2. Nf3 Nf6 3. c4 c6 4. Nc3 e6 5. g3 Nbd7 6. Bg2 Bd6 7. O-O O-O 8. Nd2
Re8 9. e4 dxe4 10. Ncxe4 Nxe4 11. Nxe4 Be7 12. Qb3 Nf6 13. Rd1 Nxe4 14. Bxe4
Bf6 15. Be3 Qc7 16. Bf3 e5 17. d5 e4 18. d6 Qd7 19. Bg2 b6 20. Qc2 Qe6 21. Bf4
c5 22. Rd5 Bd4 23. Re1 f5 24. g4 g6 25. gxf5 gxf5 26. Bh3 Rf8 27. Be3 Bb7 28.
Bxd4 Bxd5 29. cxd5 Qh6 30. Bc3 Qxh3 31. Re3 Qh6 32. Rg3+ Kf7 33. Qa4 Rfd8 34.
Qc6 Qxd6 35. Rg7+ Kf8 36. Qb7 Qg6+ 37. Rxg6 hxg6 38. Qg7+ Ke8 39. Bf6 1-0

[Event "Petersburg Summer 2016"]
[Site "St Petersburg"]
[Date "2016.08.23"]
[Round "7.40"]
[White "Brugo, Marco"]
[Black "Sanarov, Leonid"]
[Result "1/2-1/2"]
[WhiteElo "2053"]
[BlackElo "1856"]
[PlyCount "47"]
[EventDate "2016.08.17"]
[EventType "swiss"]
[EventCountry "RUS"]

1. d4 Nf6 2. c4 g6 3. f3 Bg7 4. e4 d6 5. Ne2 O-O 6. Nbc3 Nbd7 7. Be3 e5 8. d5
a5 9. Qd2 Nc5 10. O-O-O Nfd7 11. g4 f5 12. Bg5 Nf6 13. gxf5 gxf5 14. Ng3 f4 15.
Nh5 Qe8 16. Nxf6+ Bxf6 17. h4 Qh5 18. Rg1 Kh8 19. Bxf6+ Rxf6 20. Qf2 Rg6 21.
Be2 Bd7 22. Rxg6 Qxg6 23. Rg1 Qf7 24. b3 1/2-1/2

[Event "Petersburg Summer 2016"]
[Site "St Petersburg"]
[Date "2016.08.23"]
[Round "7.41"]
[White "Kuzmichev, Artem"]
[Black "Grigoriev, Oleg"]
[Result "1/2-1/2"]
[WhiteElo "1917"]
[BlackElo "2033"]
[PlyCount "110"]
[EventDate "2016.08.17"]
[EventType "swiss"]
[EventCountry "RUS"]

1. e4 c5 2. d4 cxd4 3. c3 d5 4. exd5 Qxd5 5. cxd4 Nc6 6. Nf3 e6 7. Nc3 Qa5 8.
Bc4 Nf6 9. O-O Be7 10. Qb3 O-O 11. d5 exd5 12. Nxd5 Nxd5 13. Bxd5 Qb4 14. Qc2
Be6 15. Bxe6 fxe6 16. Ng5 Bxg5 17. Bxg5 Qg4 18. Be3 Ne5 19. Qc7 Rf5 20. f4 Nd3
21. Qxb7 Raf8 22. Qxa7 Qe2 23. Rad1 e5 24. Rd2 Qg4 25. Rxd3 exf4 26. Bd2 f3 27.
g3 f2+ 28. Rxf2 Rxf2 29. Qxf2 Rxf2 30. Kxf2 Qf5+ 31. Rf3 Qc5+ 32. Kg2 Qc2 33.
Rf2 Qxb2 34. a4 Qb7+ 35. Kg1 Qb1+ 36. Rf1 Qc2 37. Bb4 h5 38. a5 Qb3 39. Be1 Qa3
40. Kh1 Kh7 41. Kg1 g5 42. Rf7+ Kg6 43. Rf1 Qc5+ 44. Kg2 g4 45. Rf2 Qc4 46. Bd2
Qe4+ 47. Kg1 Qb1+ 48. Kg2 Qb5 49. Kg1 Qb1+ 50. Kg2 Qb5 51. Kg1 Qc4 52. Kg2 Qd3
53. Kg1 Qb1+ 54. Kg2 Qb7+ 55. Kg1 Qb5 1/2-1/2

[Event "Petersburg Summer 2016"]
[Site "St Petersburg"]
[Date "2016.08.23"]
[Round "7.42"]
[White "Pankova, Julia"]
[Black "Egorov, Daniil"]
[Result "0-1"]
[WhiteElo "1845"]
[BlackElo "2030"]
[PlyCount "78"]
[EventDate "2016.08.17"]
[EventType "swiss"]
[EventCountry "RUS"]

1. e4 c5 2. Nf3 e6 3. d4 cxd4 4. Nxd4 a6 5. Nc3 Qc7 6. Be2 b5 7. O-O Bb7 8. Bf3
Nc6 9. Re1 Bd6 10. h3 Be5 11. Be3 Nf6 12. Qd2 Na5 13. Qd3 Nc4 14. Bc1 Rc8 15.
Nce2 O-O 16. g3 Nd6 17. Nf4 Nfxe4 18. Bxe4 Nxe4 19. Rxe4 Bxe4 20. Qxe4 Bxd4 21.
Qxd4 e5 22. Qd5 exf4 23. Bxf4 Qxc2 24. Be5 Qf5 25. Qd4 Rc4 26. Qd6 Qe6 27. Rd1
Re4 28. Bf4 Qxa2 29. Qd3 d5 30. Qxd5 Qxd5 31. Rxd5 Rfe8 32. Rd6 R8e6 33. Rd5
Re2 34. b4 h6 35. Rd3 Rb2 36. Rd4 Re8 37. Bd6 Rd8 38. Kg2 Rb3 39. f4 f5 0-1

[Event "Petersburg Summer 2016"]
[Site "St Petersburg"]
[Date "2016.08.23"]
[Round "7.43"]
[White "Grausgruber, Rene"]
[Black "Kuznetsov, Mikhail"]
[Result "1/2-1/2"]
[WhiteElo "2014"]
[BlackElo "1699"]
[PlyCount "56"]
[EventDate "2016.08.17"]
[EventType "swiss"]
[EventCountry "RUS"]

1. e4 c5 2. Nf3 d6 3. d4 cxd4 4. Nxd4 Nf6 5. Nc3 a6 6. Be2 e5 7. Nb3 Be7 8. Be3
Be6 9. f3 Nbd7 10. Qd2 O-O 11. h4 b5 12. g4 Nb6 13. Na5 Rc8 14. g5 Nh5 15. Nd5
Bxd5 16. exd5 Nxd5 17. Nb7 Nxe3 18. Nxd8 Nxc2+ 19. Kf2 Nxa1 20. Rxa1 Rfxd8 21.
Rc1 Nf4 22. Bf1 d5 23. a4 Bc5+ 24. Kg3 Bd4 25. Qa5 g6 26. Rxc8 Rxc8 27. Qxa6
Rc2 28. Qd6 bxa4 1/2-1/2

[Event "Petersburg Summer 2016"]
[Site "St Petersburg"]
[Date "2016.08.23"]
[Round "7.45"]
[White "Shadunts, Kirill"]
[Black "Zabolotnov, Evgeny"]
[Result "1-0"]
[WhiteElo "1824"]
[BlackElo "1994"]
[PlyCount "125"]
[EventDate "2016.08.17"]
[EventType "swiss"]
[EventCountry "RUS"]

1. d4 d5 2. c4 c6 3. Nf3 Nf6 4. Nc3 dxc4 5. a4 Bf5 6. e3 e6 7. Bxc4 Bb4 8. O-O
Nbd7 9. Qe2 Bg6 10. e4 O-O 11. Bd3 h6 12. h3 Qe7 13. Bf4 c5 14. e5 Bxd3 15.
Qxd3 Nd5 16. Nxd5 exd5 17. dxc5 Nxc5 18. Qxd5 Rfd8 19. Qc4 Nd3 20. b3 Rac8 21.
Qe4 Qe6 22. Nd4 Qg6 23. Qxg6 fxg6 24. Be3 Bc3 25. Rad1 Nb2 26. Rb1 Rxd4 27.
Bxd4 Bxd4 28. Rbc1 Rxc1 29. Rxc1 Bxe5 30. Rc8+ Kf7 31. Rd8 Ke7 32. Rd2 a6 33.
Kf1 Ke6 34. Ke2 b5 35. axb5 axb5 36. Rd8 b4 37. g3 Bf6 38. Rb8 Bc3 39. Rb5 Kf6
40. f3 Ke6 41. Rb6+ Kf5 42. Rb5+ Kf6 43. h4 Ke6 44. g4 Kf6 45. Rb6+ Kf7 46. f4
g5 47. fxg5 hxg5 48. h5 Ke7 49. Rb5 Kf6 50. Rf5+ Ke6 51. Rxg5 Kf7 52. Rb5 Ke6
53. g5 Kf7 54. Rb6 Ke7 55. Rb7+ Ke6 56. h6 gxh6 57. gxh6 Kf6 58. Rg7 Ke6 59.
Rg2 Kf7 60. Rg4 Kf8 61. h7 Bg7 62. Rxb4 Kf7 63. Rb8 1-0

[Event "Petersburg Summer 2016"]
[Site "St Petersburg"]
[Date "2016.08.23"]
[Round "7.46"]
[White "Levdansky, Alexey"]
[Black "Lapin, Nikita"]
[Result "1-0"]
[WhiteElo "1973"]
[BlackElo "1641"]
[PlyCount "89"]
[EventDate "2016.08.17"]
[EventType "swiss"]
[EventCountry "RUS"]

1. d4 Nf6 2. c4 g6 3. g3 Bg7 4. Bg2 O-O 5. Nc3 d6 6. Nf3 Nbd7 7. O-O c5 8. d5
Ng4 9. e4 Nge5 10. Nxe5 Nxe5 11. Qb3 Rb8 12. f4 Ng4 13. Qc2 a6 14. h3 Bd4+ 15.
Kh1 Ne3 16. Bxe3 Bxe3 17. Ne2 e5 18. dxe6 Bxe6 19. Qd3 Bd4 20. Nxd4 cxd4 21.
Qxd4 Qc8 22. b3 Bxh3 23. f5 Bxg2+ 24. Kxg2 Qc5 25. Qd2 Qe5 26. Rae1 Rbd8 27. f6
Kh8 28. Qh6 Rg8 29. Rf4 Qh5 30. Rh4 Qxh4 31. Qxh4 g5 32. Qh5 Rg6 33. Rh1 h6 34.
Qd1 Kh7 35. e5 Rd7 36. Qd4 Kg8 37. Re1 Kh7 38. exd6 Rg8 39. Re7 Rf8 40. Qd5
Rxe7 41. fxe7 Rg8 42. Qxf7+ Rg7 43. Qf5+ Rg6 44. e8=Q Kg7 45. Qfxg6# 1-0

[Event "Petersburg Summer 2016"]
[Site "St Petersburg"]
[Date "2016.08.23"]
[Round "7.48"]
[White "Kuizhev, Adam"]
[Black "Lyazhkov, Sergey"]
[Result "0-1"]
[WhiteElo "1700"]
[BlackElo "1799"]
[PlyCount "106"]
[EventDate "2016.08.17"]
[EventType "swiss"]
[EventCountry "RUS"]

1. e4 c6 2. d4 d5 3. Nc3 dxe4 4. Nxe4 Nd7 5. Ng5 Ngf6 6. Bc4 e6 7. Qe2 Nb6 8.
Bd3 h6 9. N5f3 Be7 10. Bd2 O-O 11. O-O-O Qc7 12. Ne5 Nbd7 13. f4 c5 14. Nxd7
Bxd7 15. dxc5 Bxc5 16. h4 h5 17. Nf3 Bd6 18. g3 Bc6 19. Rhf1 Rac8 20. Nh2 Ba4
21. Bc3 Nd5 22. Qe4 g6 23. Qxa4 Nxc3 24. bxc3 Qxc3 25. Qb3 Qa5 26. Rde1 Rc3 27.
Qb5 Qxa2 28. Kd2 Rfc8 29. Rc1 Ba3 30. Qb1 Bxc1+ 31. Rxc1 Qa5 32. Ke2 Qd5 33.
Nf3 b6 34. Re1 Qc5 35. Kf1 Qc6 36. Qd1 Rd8 37. Re3 b5 38. Qe2 b4 39. Kg1 Qb6
40. Kh2 b3 41. cxb3 Qxb3 42. Ne5 f6 43. Nxg6 Rcxd3 44. Qxh5 Kg7 45. Rxe6 Qxe6
46. f5 Qe1 47. Qg4 Rd2+ 48. Qe2 Rxe2+ 49. Kh3 Rd4 50. Nf4 Qf1+ 51. Kg4 Rxf4+
52. gxf4 Rg2+ 53. Kh5 Qe2# 0-1

[Event "Petersburg Summer 2016"]
[Site "St Petersburg"]
[Date "2016.08.23"]
[Round "7.49"]
[White "Pitkanen, Juhani"]
[Black "Delevic, Nina"]
[Result "1/2-1/2"]
[WhiteElo "1676"]
[BlackElo "1776"]
[PlyCount "57"]
[EventDate "2016.08.17"]
[EventType "swiss"]
[EventCountry "RUS"]

1. d4 d5 2. Bf4 Nf6 3. e3 c6 4. c4 e6 5. Nf3 Bb4+ 6. Nbd2 dxc4 7. Bxc4 b5 8.
Be2 Bb7 9. O-O O-O 10. Rc1 Bd6 11. Ne5 Nd5 12. Bg3 g6 13. Nd3 Bxg3 14. hxg3 Nd7
15. Nc5 Nxc5 16. Rxc5 Qe7 17. Qc1 a5 18. a3 Rfc8 19. Bf3 Qd7 20. Rc2 b4 21. Nb3
Ba6 22. Nc5 Qd6 23. Nxa6 Rxa6 24. Rc5 a4 25. Bxd5 exd5 26. axb4 Rb8 27. Qc3 Qd7
28. Rc1 h6 29. Rc2 1/2-1/2

[Event "Petersburg Summer 2016"]
[Site "St Petersburg"]
[Date "2016.08.23"]
[Round "7.50"]
[White "Mestnikov, Aidin"]
[Black "Glazov, Anatoly"]
[Result "0-1"]
[WhiteElo "1649"]
[BlackElo "1766"]
[PlyCount "82"]
[EventDate "2016.08.17"]
[EventType "swiss"]
[EventCountry "RUS"]

1. d4 Nf6 2. Nf3 d5 3. Bf4 Nc6 4. e3 Nh5 5. Bg3 Nxg3 6. hxg3 Bf5 7. c4 e6 8.
Nc3 Bb4 9. a3 Be7 10. c5 O-O 11. Bd3 Bxd3 12. Qxd3 g6 13. Rh3 Kg7 14. Ne2 b6
15. b4 bxc5 16. dxc5 Bf6 17. Rd1 Ne5 18. Nxe5 Bxe5 19. f4 Bf6 20. g4 c6 21. Kf2
a5 22. g5 Be7 23. Rdh1 Rh8 24. Nd4 Qd7 25. Qc3 f6 26. g4 axb4 27. axb4 e5 28.
fxe5 fxe5 29. Nf3 d4 30. exd4 Qxg4 31. dxe5 Ra2+ 32. Nd2 Bxg5 33. e6+ Bf6 34.
Qd3 Bd4+ 35. Ke1 Ra1+ 36. Nb1 Qxe6+ 37. Kd1 Qg4+ 38. Kc1 Qf4+ 39. Kd1 h5 40.
Rf1 Rxb1+ 41. Kc2 Rxf1 0-1

[Event "Petersburg Summer 2016"]
[Site "St Petersburg"]
[Date "2016.08.23"]
[Round "7.51"]
[White "Dubrovskiy, Vladimir"]
[Black "Stroganov, Anatoly"]
[Result "1-0"]
[WhiteElo "1647"]
[BlackElo "1762"]
[PlyCount "113"]
[EventDate "2016.08.17"]
[EventType "swiss"]
[EventCountry "RUS"]

1. Nf3 Nf6 2. c4 b6 3. g3 Bb7 4. Bg2 e5 5. d3 Bb4+ 6. Nbd2 O-O 7. O-O Bxd2 8.
Bxd2 Re8 9. e4 Nc6 10. Bc3 d6 11. b4 Ne7 12. b5 Ng6 13. a4 Nd7 14. Ne1 Ne7 15.
f4 exf4 16. gxf4 f5 17. Bh3 fxe4 18. Qg4 Ng6 19. Qxd7 Qxd7 20. Bxd7 Re7 21. Bg4
exd3 22. Nxd3 Re3 23. Rad1 a6 24. Rfe1 Rxe1+ 25. Rxe1 axb5 26. axb5 Ra3 27.
Be6+ Kf8 28. Rc1 Nh4 29. Kf2 Ra2+ 30. Nb2 Ng6 31. c5 d5 32. c6 Bxc6 33. bxc6
Nxf4 34. Bf5 g6 35. Kf3 Nh5 36. Be6 Ra3 37. Bxd5 Nf6 38. Be4 Rb3 39. Kf4 Kf7
40. Bxf6 Kxf6 41. Nd3 Ra3 42. Rc4 Ra5 43. Rd4 g5+ 44. Ke3 h5 45. Rd7 Ra7 46.
Rd8 g4 47. Rb8 Ra2 48. Nf2 Ke5 49. Rh8 Ra3+ 50. Nd3+ Kd6 51. Rxh5 Ra5 52. Rxa5
bxa5 53. Kf4 a4 54. Kxg4 a3 55. Nb4 Kc5 56. Na2 Kd4 57. Kf4 1-0

[Event "Petersburg Summer 2016"]
[Site "St Petersburg"]
[Date "2016.08.23"]
[Round "7.53"]
[White "Smorodkin, Kirill"]
[Black "Romanov, Aleksandr"]
[Result "1-0"]
[WhiteElo "1624"]
[BlackElo "1722"]
[PlyCount "63"]
[EventDate "2016.08.17"]
[EventType "swiss"]
[EventCountry "RUS"]

1. e4 e6 2. d4 d5 3. exd5 exd5 4. c4 Nf6 5. Nf3 Be7 6. Nc3 O-O 7. Bd3 Bg4 8.
O-O Nc6 9. Be3 Bxf3 10. Qxf3 dxc4 11. Bxc4 Bd6 12. Rad1 Re8 13. Kh1 Qd7 14. Bb5
a6 15. Ba4 b5 16. Bb3 Na5 17. Bc2 Rad8 18. Bf5 Qc6 19. d5 Qb7 20. Bg5 Be7 21.
Rfe1 b4 22. Bxf6 Bxf6 23. Ne4 Bxb2 24. Bxh7+ Kxh7 25. Qh5+ Kg8 26. Ng5 Re5 27.
Qxf7+ Kh8 28. Rxe5 Bxe5 29. Rd3 Qc8 30. Qg6 Kg8 31. Rf3 Rxd5 32. Qh7# 1-0